| 000 | 00928cam a2200301 i 4500 | ||
|---|---|---|---|
| 001 | 3160876 | ||
| 003 | GBCCL | ||
| 005 | 20251029142608.0 | ||
| 008 | 760106s1975 miu 000 0 eng | ||
| 020 | _a0310225604 | ||
| 035 | _a3160876 | ||
| 040 |
_aDLC _cDLC _dDLC |
||
| 082 | 0 | 0 |
_a253.5 _bCRA 1 |
| 100 | 1 |
_aCrabb, Lawrence J, _d1944- |
|
| 245 | 1 | 0 |
_aBasic principles of Biblical counseling / _cLawrence J. Crabb, Jr. |
| 260 |
_aGrand Rapids : _bZondervan Pub. House, _cc1975. |
||
| 300 |
_a111 p. ; _c23 cm. |
||
| 336 |
_atext _btxt _2rdacontent |
||
| 337 |
_aunmediated _bn _2rdamedia |
||
| 338 |
_avolume _bnc _2rdacarrier |
||
| 630 | 0 | 0 |
_aBible _xPsychology. |
| 630 | 0 | 0 |
_aBible _xUse. |
| 650 | 0 |
_aCounseling _xReligious aspects _xChristianity. |
|
| 650 | 0 | _aPastoral counseling. | |
| 906 |
_a7 _bcbc _corignew _d2 _eocip _f19 _gy-gencatlg |
||
| 942 |
_2ddc _cBK _n0 |
||
| 999 |
_c10959 _d10959 |
||